World Geography Quiz - Statistics

General Stats
  • This quiz has been taken 37 times
  • The average score is 9 of 15
Answer Stats
Question Answer % Correct
Which Country Shares The Most Borders Than Any Other Country? China
100%
Which Of The Following US States Don't Border Nevada? New Mexico
100%
Which Of These Wasn't A Former British Colony? Vanuatu
100%
How Many Countries Are Considered To Be In North America (Not Including Greenland-Denmark) 23
50%
How Many Countries In The World Have 'D' As Their Starting Letter 5
50%
Which Of These Countries Doesn't Border China? Bangladesh
50%
Which Country Isn't Considered A Part Of The Baltics? Belarus
50%
Which Empire Had The Most Accumulative Land Mass? British
50%
Which English County Only Shares One Border? Cornwall
50%
Which Of These Countries Has More Than One Border? Eswatini
50%
Which Of These Is No Longer A Country? Korea
50%
Which Of The Following US States Is Considered As One Of The 13 Original Colonies? North Carolina
50%
What Is The Only Oceanic Country That Shares A Border With Any Other Country? Papua New Guinea
50%
Which Of These Isn't A Capital In Africa? Ulaan Baatar
50%
How Many Countries In The World Have The Letter 'H' As Their Starting Letter? 3
0%
No matching quizzes found
Score Distribution
Percent of People with Each Score
Percentile by Number Answered
Your Score History
You have not taken this quiz